Diccionario Akal de psicología
Saved in:
| Main Authors: | , |
|---|---|
| Format: | Bog |
| Sprog: | spansk |
| Udgivet: |
Madrid
Akal
1998
|
| Serier: | Akal-Diccionarios, 16
|
| Fag: | |
| Tags: |
Tilføj Tag
Ingen Tags, Vær først til at tagge denne postø!
|
MARC
| LEADER | 00000cam a2200000 a 4500 | ||
|---|---|---|---|
| 001 | UCH0024 | ||
| 003 | CL-VaPUC | ||
| 008 | 090108e19980000SP |||||||||||||||||spa|d | ||
| 020 | |a 8446006235 | ||
| 082 | 0 | 4 | |a 150.03 |b DOR |2 21 |
| 100 | 0 | |a Doron, Roland |e author |9 534084 | |
| 700 | 0 | |a Parot, Francoise |e author |9 534085 | |
| 245 | 1 | 0 | |a Diccionario Akal de psicología |
| 300 | |a 615 p | ||
| 942 | |c BK | ||
| 945 | |d 20090108 00:00:00 |a rbrito | ||
| 260 | |a Madrid |b Akal |c 1998 | ||
| 650 | 0 | |a Psicología |9 257863 | |
| 650 | 0 | |a Diccionarios |9 256200 | |
| 583 | |a last modification |c 20130106 10:10:17 |k Rodrigo Vera | ||
| 490 | 0 | |a Akal-Diccionarios, 16 | |
| 999 | |c 332430 |d 332428 | ||
| 952 | |0 0 |1 0 |4 0 |6 150_030000000000000_DOR_1998 |7 0 |8 X |9 420137 |a BIBEDU |b BIBEDU |d 2019-11-22 |i 4510771 |o 150.03 DOR 1998 |p 4510771 |r 2023-01-13 |w 2019-11-22 |y BK_X |k PSI | ||